Research methods in social work / (Record no. 3493)
[ view plain ]
| 000 -LEADER | |
|---|---|
| fixed length control field | 01176cam a2200181 a 4500 |
| 020 ## - INTERNATIONAL STANDARD BOOK NUMBER | |
| ISBN | 0495115665 |
| 020 ## - INTERNATIONAL STANDARD BOOK NUMBER | |
| ISBN | 9780495115663 |
| 050 00 - CALL NUMBER | |
| Classification number | HV11 |
| Item number | .R69 |
| 100 1# - AUTHOR | |
| Personal name | Royse, David D. |
| 245 10 - TITLE | |
| Title | Research methods in social work / |
| Statement of responsibility, etc | David Royse. |
| 250 ## - EDITION | |
| Edition statement | 5th ed. |
| 260 ## - PUBLICATION INFORMATION | |
| Place of publication | Belmont, CA : |
| Name of publisher | Thomson Brooks/Cole, |
| Year of publication | c2008 |
| 300 ## - DESCRIPTION | |
| Number of Pages | xviii, 395 p. : |
| Other physical details | ill. ; |
| Dimensions | 24 cm. |
| 500 ## - NOTES | |
| General note | Includes index. |
| 505 ## - FORMATTED CONTENTS NOTE | |
| Table of Content | Ch. 1. Introduction --<br/>Ch. 2. The way research proceeds --<br/>Ch. 3. Ethical thinking and research --<br/>Ch. 4. Single-system designs --<br/>Ch. 5. Research designs for group comparisons --<br/>Ch. 6. Understanding and using research instruments --<br/>Ch. 7. Developing data collection instruments : scales, questionnaires, and interview schedules --<br/>Ch. 8. Quantitative and qualitative sampling --<br/>Ch. 9. Survey research methods --<br/>Ch. 10. Unobtrusive approaches to data collection : secondary data and content analysis --<br/>Ch. 11. Qualitative research --<br/>Ch. 12. Program evaluation --<br/>Ch. 13. Data analysis --<br/>Ch. 14. Professional writing : proposals, research reports, and journal articles. |
| 650 #0 - SUBJECTS | |
| Topical Term | Social service |
| General subdivision | Research |
| -- | Methodology. |
| 942 ## - ADDED ENTRY ELEMENTS (KOHA) | |
| Koha item type | Books |
| Withdrawn status | Lost status | Collection code | Home library | Current library | Shelving location | Date acquired | Full call number | Accession Number | Koha item type |
|---|---|---|---|---|---|---|---|---|---|
| Reference | Methodist University Library Main | Methodist University Library Main | General Stacks | HV11 .R69 | 36453 | Books |